| 000 | 00755nam a22002417a 4500 | ||
|---|---|---|---|
| 005 | 20170124110055.0 | ||
| 010 | _aB-021810 | ||
| 020 |
_c00.00 _a8171415571 |
||
| 035 | _aB-021810 | ||
| 037 | _bCen Lib/Ret | ||
| 040 |
_aDPL _bEN |
||
| 082 |
_a639.2 _bANA |
||
| 100 |
_aAnanth, P.N. _926293 |
||
| 245 |
_aMarine fisheries extention / _cby P.N. Ananth |
||
| 260 |
_aNew Delhi _bDiscovery publishing house _c2000 |
||
| 270 |
_b New Delhi _e110002 _a4831/24, Ansari road, Prahlad street |
||
| 300 |
_a107p. _c21cm(Hb) |
||
| 500 | _aIncludes bibliographical references | ||
| 650 |
_aFishery extension work _926294 |
||
| 650 |
_aFishery management _xStudy and teaching _926295 |
||
| 700 | _926257 | ||
| 942 |
_2ddc _cEN _h639.2 _mANA |
||
| 999 |
_c129413 _d129413 |
||